Normale Ansicht
MARC-Ansicht
Eintrag Körperschaftsname
001 - Kontrollnummer
- Kontrollfeld: 1413
003 - Kontrollnummer Identifier
- Kontrollfeld: RU-10907106
005 - Datum und Zeit der letzten Transaktion
- Kontrollfeld: 20220126165006.0
008 - Datenelemente mit fester Länge
- Kontrollfeld mit fester Länge: 220126|| aca||aabn | a|a d
040 ## - Katalogisierungsquelle
- Original-Katalogisierungsstelle: RU-10907106
- Übertragungsstelle: RU-10907106
110 ## - Ansetzung - Körperschaftsname
- Körperschafts- oder Gebietskörperschaftsname als Eintragungselement: Altenbourg, Stiftung Gerhard
670 ## - Datenquelle
- Quellenangabe: Work cat.: (RU-10907106)58925: Blume, Dieter. 1328 aut Verfasser, Ein Engel im Atelier :